| 000 | 01077cam a2200265 a 4500 | ||
|---|---|---|---|
| 001 | 000006292 | ||
| 005 | 20200929153918.0 | ||
| 008 | 920826s1984 cu a bi f001 0 spa d | ||
| 040 |
_aDO-SdBNP _bspa _cDLC _dBNPHU |
||
| 082 |
_aCu860 _bC352i |
||
| 110 | 1 |
_aCuba. _bAcademia de ciencias. _bInstituto de Literatura y Lingüistica. _917572 |
|
| 245 | 1 | 0 |
_aÍndice analítico del Suplemento literario del Diario de la Marina : _b1927-1930 / _ccompilado por Marcia Castillo Vega y Rosa González Alfonso. |
| 260 |
_aLa Habana, Cuba : _bEditorial Academia, _c1984. |
||
| 300 |
_a226 p. : _bil. ; _c24 cm. |
||
| 504 | _aIncluye referencias bibliográficas. | ||
| 504 | _aIncluye notas al pie de las páginas. | ||
| 504 | _aIncluye índice de autores | ||
| 504 | _aIncluye índice de materia | ||
| 630 | 0 | 0 |
_aDIARIO DE LA MARINA _pSUPLEMENTO LITERARIO _xÍNDICES _917573 |
| 650 | 4 |
_aLiteratura cubana _xÍndices _917574 |
|
| 700 | 1 |
_aCastillo Vega, Marcia, _ecomp. _917575 |
|
| 700 | 1 |
_aGonzález Alfonso, Rosa, _ecomp. _917576 |
|
| 910 | _aCatalogación por copia / LC | ||
| 049 | _aBNGR | ||
| 999 |
_c6087 _d6087 |
||